[Event "CAN-ch U14"]
[Site "Quebec"]
[Date "2008.07.14"]
[Round "1"]
[White "Kieu, Marc Andre"]
[Black "Kraiouchkine, Nikita"]
[Result "1/2-1/2"]
[WhiteElo "1524"]
[BlackElo "2235"]
[PlyCount "123"]
[EventDate "2008.07.14"]
[EventType "swiss"]
[EventRounds "7"]
[EventCountry "CAN"]
[SourceTitle "EXT 2011"]
[Source "ChessBase"]
[SourceDate "2010.11.26"]
[SourceVersion "1"]
[SourceVersionDate "2010.11.26"]
[SourceQuality "1"]

1. e4 e5 2. Nf3 Nf6 3. Nxe5 d6 4. Nf3 Nxe4 5. Nc3 Nf6 6. d4 Bg4 7. Be2 Be7 8. Be3 0-0 9. Qd2 c6 10. h3 Be6 11. 0-0 Nbd7 12. Ng5 Bf5 13. f4 h6 14. g4 hxg5 15. gxf5 gxf4 16. Bxf4 Nh7 17. Kh2 d5 18. Rg1 Bf6 19. Nd1 Re8 20. c3 Ng5 21. Nf2 Ne4 22. Nxe4 dxe4 23. Bh5 Nb6 24. Qg2 Nd5 25. Bh6 Qd6+ 26. Kh1 Qf8 27. Raf1 Kh8 28. Bg5 Qe7 29. c4 Nb6 30. Rf4 Bxg5 31. Qxg5 Qxg5 32. Rxg5 f6 33. Rgg4 Re7 34. Rxe4 Rd7 35. b3 Kg8 36. a4 Rad8 37. Bg6 Nc8 38. Re3 Ne7 39. Rge4 Nxg6 40. fxg6 Kf8 41. Rh4 Kg8 42. Kg2 f5 43. Kf3 Rd6 44. Re7 Rxg6 45. Rxb7 Rg1 46. Rxa7 Rd1 47. Ke3 Re8+ 48. Kf2 Rd2+ 49. Kf3 Rd3+ 50. Kf2 Rd2+ 51. Kf3 Rd3+ 52. Kf2 Ree3 53. Ra8+ Kf7 54. Rf4 g6 55. h4 Rxb3 56. Ra7+ Ke6 57. Ra6 Kd7 58. d5 cxd5 59. cxd5 Red3 60. Rxg6 Rb2+ 61. Ke1 Rxd5 62. h5 1/2-1/2

[Event "Repentigny Lanaudiere"]
[Site "Repentigny"]
[Date "2007.08.17"]
[Round "1"]
[White "Kieu, Marc Andre"]
[Black "Jiang, Louie"]
[Result "0-1"]
[WhiteElo "1901"]
[BlackElo "2173"]
[PlyCount "102"]
[EventDate "2007.08.17"]
[EventType "swiss"]
[EventRounds "5"]
[EventCountry "CAN"]
[SourceTitle "EXT 2022"]
[Source "ChessBase"]
[SourceDate "2021.10.06"]
[SourceVersion "1"]
[SourceVersionDate "2021.10.06"]
[SourceQuality "1"]

1. e4 c5 2. Nf3 d6 3. d4 cxd4 4. Nxd4 Nf6 5. Nc3 a6 6. Be3 e5 7. Nb3 Be6 8. Be2 Be7 9. 0-0 b5 10. a3 Nbd7 11. Kh1 0-0 12. f4 Rc8 13. f5 Bc4 14. Bxc4 Rxc4 15. Nd2 Rc8 16. g4 d5 17. exd5 Rxc3 18. bxc3 Nxd5 19. Qf3 Nxc3 20. g5 Qa8 21. Rf2 e4 22. Qg3 Nd5 23. f6 Bc5 24. fxg7 Re8 25. g6 fxg6 26. Bxc5 Nxc5 27. Raf1 Nd7 28. Nxe4 N5f6 29. Qb3+ Kxg7 30. Rxf6 Nxf6 31. Rxf6 Qxe4+ 32. Rf3 Rf8 33. Qc3+ Kh6 34. Qe3+ Qxe3 35. Rxe3 Kg5 36. Kg2 Rc8 37. c3 Rc4 38. Re6 Ra4 39. Rc6 Rxa3 40. c4 b4 41. Rb6 a5 42. c5 Kf5 43. Rb7 Ke5 44. Rxh7 Kd5 45. Rc7 Rc3 46. Rg7 Kxc5 47. Rxg6 b3 48. Rg8 Kb4 49. h4 Rc5 50. Rb8+ Ka3 51. Kf3 b2 0-1

[Event "Quebec-ch qual 1"]
[Site "Montreal"]
[Date "2007.05.05"]
[Round "3"]
[White "Kieu, Marc Andre"]
[Black "Le Duin, Thierry"]
[Result "0-1"]
[WhiteElo "1874"]
[BlackElo "2100"]
[PlyCount "82"]
[EventDate "2007.05.04"]
[EventType "swiss"]
[EventRounds "5"]
[EventCountry "CAN"]
[SourceTitle "EXT 2022"]
[Source "ChessBase"]
[SourceDate "2021.10.06"]
[SourceVersion "1"]
[SourceVersionDate "2021.10.06"]
[SourceQuality "1"]

1. e4 d5 2. exd5 Nf6 3. d4 Bg4 4. f3 Bf5 5. Bd3 Qxd5 6. c4 Qd7 7. Ne2 Nc6 8. a3 0-0-0 9. Be3 Nxd4 10. Nxd4 Bxd3 11. Qxd3 e5 12. 0-0 Bc5 13. Rd1 Bxd4 14. Nc3 c5 15. Bxd4 Qxd4+ 16. Qxd4 exd4 17. Ne2 Rhe8 18. Kf2 Kc7 19. b4 b6 20. Nf4 Kc6 21. Nd3 Re3 22. bxc5 bxc5 23. Rab1 Nd7 24. Rb5 Rb8 25. a4 a6 26. Rxb8 Nxb8 27. Nf4 Rc3 28. Nh5 g6 29. Nf6 Rxc4 30. Nxh7 Rxa4 31. Ng5 f6 32. Nh7 Nd7 33. g4 Kd5 34. h4 c4 35. g5 fxg5 36. hxg5 Ra2+ 37. Kg3 d3 38. f4 Ke6 39. f5+ Kxf5 40. Rf1+ Ke6 41. Re1+ Re2 0-1

[Event "Quebec-ch qual2"]
[Site "Montreal"]
[Date "2006.05.21"]
[Round "5"]
[White "Chesnut, Walter"]
[Black "Kieu, Marc Andre"]
[Result "0-1"]
[WhiteElo "1420"]
[BlackElo "1700"]
[PlyCount "22"]
[EventDate "2006.05.19"]
[EventType "swiss"]
[EventRounds "5"]
[EventCountry "CAN"]
[SourceTitle "EXT 2007"]
[Source "ChessBase"]
[SourceDate "2006.11.23"]
[SourceVersion "1"]
[SourceVersionDate "2006.11.23"]
[SourceQuality "1"]

1. d4 d5 2. c4 c6 3. Nf3 Nf6 4. Bg5 Nbd7 5. e3 a6 6. a4 e6 7. Nc3 Qa5 8. c5 Ne4 9. Qc1 b6 10. cxb6 Bb4 11. Nd2 Nxg5 0-1

[Event "Quebec-ch qual2"]
[Site "Montreal"]
[Date "2006.05.20"]
[Round "3"]
[White "Furger, Joseph"]
[Black "Kieu, Marc Andre"]
[Result "1-0"]
[WhiteElo "1253"]
[BlackElo "1700"]
[PlyCount "107"]
[EventDate "2006.05.19"]
[EventType "swiss"]
[EventRounds "5"]
[EventCountry "CAN"]
[SourceTitle "EXT 2007"]
[Source "ChessBase"]
[SourceDate "2006.11.23"]
[SourceVersion "1"]
[SourceVersionDate "2006.11.23"]
[SourceQuality "1"]

1. f4 e5 2. fxe5 d6 3. exd6 Bxd6 4. Nf3 g5 5. g3 g4 6. Nh4 Nc6 7. c3 Qf6 8. d4 Nge7 9. e4 Ng6 10. Ng2 Qe7 11. Qe2 f6 12. Bh6 Bd7 13. Nd2 0-0-0 14. Ne3 Qf7 15. Bg2 Nge7 16. Rf1 Qg6 17. Bf4 Bxf4 18. Rxf4 h5 19. 0-0-0 Qf7 20. Kb1 Ng6 21. Rf2 Nce7 22. Rdf1 Ng8 23. b3 Qh7 24. Kb2 N6e7 25. d5 Qg7 26. Qc4 Kb8 27. Qe2 Qg5 28. Nec4 f5 29. Ne5 Nh6 30. Nxd7+ Rxd7 31. exf5 Nhxf5 32. Qe6 Rhd8 33. Ne4 Qe3 34. Nf6 Qxe6 35. dxe6 Rd2+ 36. Ka3 Ne3 37. Rxd2 Rxd2 38. Nd7+ Rxd7 39. Rf8+ Rd8 40. Rxd8+ Nc8 41. e7 Nf5 42. e8Q Nfd6 43. Qxh5 a6 44. Qxg4 Nb5+ 45. Kb2 Nbd6 46. Bh3 Ka7 47. Rxc8 c5 48. c4 a5 49. a4 Kb6 50. Qg6 Ka7 51. Rxc5 b5 52. Qxd6 b4 53. Rc7+ Kb8 54. Qd8# 1-0

[Event "CAN-ch U10"]
[Site "Kapuskasing"]
[Date "2004.07.07"]
[Round "4"]
[White "Nadeau, Emmanuel"]
[Black "Kieu, Marc Andre"]
[Result "0-1"]
[WhiteElo "1246"]
[BlackElo "1421"]
[PlyCount "62"]
[EventDate "2004.07.06"]
[EventType "swiss"]
[EventRounds "7"]
[EventCountry "CAN"]
[SourceTitle "EXT 2006"]
[Source "ChessBase"]
[SourceDate "2005.11.24"]
[SourceVersion "1"]
[SourceVersionDate "2005.11.24"]
[SourceQuality "1"]

1. e4 e5 2. Nc3 Nf6 3. Nf3 Nc6 4. Bb5 Nd4 5. Nxe5 Qe7 6. Nf3 Nxe4 7. Nxe4 Qxe4+ 8. Be2 Nxc2+ 9. Kf1 Nxa1 10. d3 Qc6 11. Bf4 Nc2 12. Ne5 Qc5 13. a3 Nd4 14. Bh5 g6 15. Bf3 Bd6 16. Qe1 0-0 17. Qe3 Re8 18. g3 Bxe5 19. Bxe5 Rxe5 20. Qf4 Rf5 21. Qe3 Rxf3 22. Qe8+ Qf8 23. Qe5 Qd6 24. Qe8+ Kg7 25. Qe4 Qc5 26. Kg2 d5 27. Qe5+ Rf6 28. b4 Qc3 29. Rd1 Bg4 30. Rf1 Bf3+ 31. Kg1 Ne2+ 0-1